[Event "NOR-chT Club"]
[Site "Drammen"]
[Date "2019.05.31"]
[Round "2.3"]
[White "Omtvedt, Per"]
[Black "Vitenberg, Noam Aviv"]
[Result "0-1"]
[WhiteElo "1894"]
[BlackElo "2256"]
[PlyCount "110"]
[EventDate "2019.05.30"]
[EventType "team-swiss"]
[EventRounds "6"]
[EventCountry "NOR"]
[SourceTitle "CBM 190 Extra"]
[Source "ChessBase"]
[SourceDate "2019.07.15"]
[SourceVersion "1"]
[SourceVersionDate "2019.07.15"]
[SourceQuality "1"]
[WhiteTeam "Stjernen"]
[BlackTeam "Schakklubben av 1911"]
[WhiteTeamCountry "NOR"]
[BlackTeamCountry "NOR"]

1. e4 c6 2. d4 d5 3. Nc3 dxe4 4. Nxe4 Bf5 5. Ng3 Bg6 6. Nf3 Nd7 7. h4 h6 8. h5 Bh7 9. Bd3 Bxd3 10. Qxd3 e6 11. Bd2 Ngf6 12. 0-0-0 Be7 13. Kb1 0-0 14. Ne4 Nxe4 15. Qxe4 Nf6 16. Qe2 Qd5 17. Ne5 Qe4 18. Qxe4 Nxe4 19. Be3 Rac8 20. g4 Rfd8 21. f3 Nf6 22. c3 b5 23. Rhg1 Nd5 24. Bc1 c5 25. f4 cxd4 26. cxd4 Nf6 27. g5 hxg5 28. Rxg5 Ne4 29. Rg2 Nd6 30. Be3 Nf5 31. Bg1 Rd5 32. Rc2 Rxc2 33. Kxc2 Ng3 34. Nc6 Bd6 35. Nxa7 Bxf4 36. Nc8 Rxh5 37. d5 exd5 38. Ne7+ Kh7 39. Rxd5 Rh1 40. Bd4 Ne2 41. Bc3 Rc1+ 42. Kb3 Nxc3 43. Rh5+ Bh6 44. bxc3 g5 45. Kb4 g4 46. Ng8 Kxg8 47. Rxh6 Kg7 48. Rh2 f5 49. Kxb5 Rxc3 50. a4 g3 51. Rg2 f4 52. a5 Kf6 53. a6 Kf5 54. a7 Ra3 55. Kb6 Kg4 0-1

[Event "Oslo op"]
[Site "Oslo"]
[Date "2019.03.01"]
[Round "1"]
[White "Omtvedt, Per"]
[Black "Nilssen, Stale"]
[Result "1-0"]
[WhiteElo "1918"]
[BlackElo "1608"]
[PlyCount "83"]
[EventDate "2019.03.01"]
[EventType "swiss"]
[EventRounds "5"]
[EventCountry "NOR"]
[SourceTitle "EXT 2024"]
[Source "ChessBase"]
[SourceDate "2023.10.10"]
[SourceVersion "1"]
[SourceVersionDate "2023.10.10"]
[SourceQuality "1"]

1. e4 c6 2. d4 d5 3. exd5 cxd5 4. Bd3 Nf6 5. c3 e6 6. Nf3 Nc6 7. 0-0 Qc7 8. Qe2 h6 9. Re1 Bd6 10. Nbd2 0-0 11. Ne5 a6 12. a4 b6 13. Ndf3 Bb7 14. h3 Rfc8 15. Nxc6 Qxc6 16. Ne5 Qe8 17. Bf4 Be7 18. Kh2 Ne4 19. f3 Nd6 20. g4 b5 21. Bc2 Bf6 22. Qd3 Bxe5 23. Qh7+ Kf8 24. Bxe5 Ke7 25. Bxd6+ Kxd6 26. Qxg7 Qf8 27. Qe5+ Kd7 28. axb5 axb5 29. Bd3 Bc6 30. f4 Rxa1 31. Rxa1 Ra8 32. Rxa8 Qxa8 33. Qe2 Qb8 34. Qd2 Ke7 35. Kg2 f6 36. f5 Qf8 37. fxe6 Kxe6 38. Qe2+ Kd7 39. Bxb5 f5 40. Bxc6+ Kxc6 41. Qe6+ Kb5 42. Qxd5+ 1-0

[Event "NOR-chT Club"]
[Site "Bergen"]
[Date "2018.05.12"]
[Round "3.9"]
[White "Omtvedt, Per"]
[Black "Ayzenberg, Alena"]
[Result "1/2-1/2"]
[WhiteElo "1883"]
[BlackElo "1899"]
[PlyCount "109"]
[EventDate "2018.05.10"]
[EventType "team-swiss"]
[EventRounds "6"]
[EventCountry "NOR"]
[SourceTitle "EXT 2019"]
[Source "ChessBase"]
[SourceDate "2018.10.10"]
[SourceVersion "1"]
[SourceVersionDate "2018.10.10"]
[SourceQuality "1"]
[WhiteTeam "Stjernen"]
[BlackTeam "Bergens II"]
[WhiteTeamCountry "NOR"]
[BlackTeamCountry "NOR"]

1. e4 c5 2. Nc3 e6 3. g3 d5 4. exd5 exd5 5. Bg2 Nf6 6. d3 h6 7. Nge2 Nc6 8. 0-0 d4 9. Ne4 Nxe4 10. Bxe4 Be7 11. Nf4 0-0 12. Nd5 f5 13. Bg2 Bg5 14. Re1 Bxc1 15. Rxc1 Bd7 16. Qd2 Qa5 17. Qxa5 Nxa5 18. c4 Rab8 19. b4 cxb4 20. Nxb4 Ba4 21. Re5 Nc6 22. Nxc6 Bxc6 23. Rb1 Bxg2 24. Kxg2 b6 25. Re7 Rf7 26. Rxf7 Kxf7 27. Rb5 Kf6 28. Rd5 Re8 29. Kf1 Re5 30. Rxd4 Ra5 31. Ke2 Rxa2+ 32. Ke3 Ke6 33. h4 g5 34. hxg5 hxg5 35. Rd5 Ra1 36. Rb5 Re1+ 37. Kd2 Re5 38. Rb1 Ra5 39. Rb2 Ra1 40. Ke3 Re1+ 41. Kd2 Ra1 42. Ke3 Ra5 43. Rb3 Kd6 44. Kd4 Ra2 45. Ke3 Ra1 46. Rb5 Re1+ 47. Kd2 Re5 48. d4 Re4 49. Rxf5 Rxd4+ 50. Kc3 Rg4 51. Rb5 Kc6 52. Rf5 a6 53. Rf6+ Kc5 54. Rf5+ Kc6 55. Rf6+ 1/2-1/2

[Event "Nordstrand GP A"]
[Site "Oslo"]
[Date "2018.04.22"]
[Round "5"]
[White "Dahl, Max"]
[Black "Omtvedt, Per"]
[Result "1/2-1/2"]
[WhiteElo "1925"]
[BlackElo "1872"]
[PlyCount "24"]
[EventDate "2018.04.20"]
[EventType "swiss"]
[EventRounds "5"]
[EventCountry "NOR"]
[SourceTitle "EXT 2024"]
[Source "ChessBase"]
[SourceDate "2023.10.10"]
[SourceVersion "1"]
[SourceVersionDate "2023.10.10"]
[SourceQuality "1"]

1. d4 d5 2. Nf3 c6 3. g3 Nf6 4. Bg2 g6 5. 0-0 Bg7 6. b3 0-0 7. Bb2 Ne4 8. Nbd2 Bf5 9. Nxe4 Bxe4 10. Ne5 Bxg2 11. Kxg2 Nd7 12. Nxd7 Qxd7 1/2-1/2

[Event "Oslo op"]
[Site "Fornebu"]
[Date "2017.10.02"]
[Round "5"]
[White "Omtvedt, Per"]
[Black "Beitnes, Andreas Roberg"]
[Result "1-0"]
[WhiteElo "1880"]
[BlackElo "1430"]
[PlyCount "91"]
[EventDate "2017.09.29"]
[EventType "swiss"]
[EventRounds "10"]
[EventCountry "NOR"]
[SourceTitle "CBM 181 Extra"]
[Source "ChessBase"]
[SourceDate "2017.12.12"]
[SourceVersion "1"]
[SourceVersionDate "2017.12.12"]
[SourceQuality "1"]

1. e4 e5 2. Nf3 Nc6 3. Bb5 a6 4. Ba4 Nf6 5. d3 Be7 6. Bxc6 dxc6 7. Nxe5 0-0 8. 0-0 Re8 9. Nf3 Bg4 10. Be3 Qd7 11. Nbd2 Rad8 12. Qe2 Bf8 13. Rfe1 h6 14. Nf1 Bd6 15. Ng3 Nh5 16. Nxh5 Bxh5 17. Qf1 Bxf3 18. gxf3 Re6 19. f4 Rg6+ 20. Kh1 Qg4 21. f3 Qh5 22. Re2 Re8 23. Rg2 c5 24. Rxg6 fxg6 25. Qg2 Rf8 26. e5 Be7 27. Qg4 Qxg4 28. fxg4 b6 29. Kg2 Kh7 30. Kf3 c6 31. Ke4 Re8 32. c3 b5 33. d4 cxd4 34. cxd4 Rd8 35. Rc1 Rc8 36. Kd3 c5 37. dxc5 Rd8+ 38. Ke4 Rc8 39. b4 Rc6 40. Kd5 Rc8 41. Ke6 Bf8 42. Kd7 Ra8 43. c6 Bxb4 44. c7 Bf8 45. c8Q Rxc8 46. Rxc8 1-0

[Event "Oslo Sveins op 10th"]
[Site "Oslo"]
[Date "2017.06.24"]
[Round "3"]
[White "Landsverk, Ida"]
[Black "Omtvedt, Per"]
[Result "1/2-1/2"]
[WhiteElo "1415"]
[BlackElo "1934"]
[PlyCount "57"]
[EventDate "2017.06.23"]
[EventType "swiss"]
[EventRounds "9"]
[EventCountry "NOR"]
[SourceTitle "CBM 179 Extra"]
[Source "ChessBase"]
[SourceDate "2017.08.23"]
[SourceVersion "1"]
[SourceVersionDate "2017.08.23"]
[SourceQuality "1"]

1. e4 Nf6 2. e5 Nd5 3. g3 d6 4. exd6 exd6 5. Bg2 Nf6 6. d4 Be7 7. Ne2 0-0 8. 0-0 c6 9. c4 d5 10. cxd5 Nxd5 11. Nbc3 Be6 12. Nf4 Nxf4 13. Bxf4 Qb6 14. Qd2 Na6 15. d5 cxd5 16. Nxd5 Bxd5 17. Qxd5 Nc5 18. b3 Rad8 19. Qc4 Ne6 20. Be3 Bc5 21. Bxc5 Nxc5 22. Rad1 Ne6 23. Bd5 Rd6 24. Bxe6 Rxe6 25. Rd7 Rd6 26. Rd1 Rxd1+ 27. Rxd1 Rd8 28. Rxd8+ Qxd8 29. Kg2 1/2-1/2

[Event "Oslo Sveins op 10th"]
[Site "Oslo"]
[Date "2017.06.24"]
[Round "2"]
[White "Omtvedt, Per"]
[Black "Sidali, Elias Hulleberg"]
[Result "1/2-1/2"]
[WhiteElo "1934"]
[BlackElo "1675"]
[PlyCount "56"]
[EventDate "2017.06.23"]
[EventType "swiss"]
[EventRounds "9"]
[EventCountry "NOR"]
[SourceTitle "CBM 179 Extra"]
[Source "ChessBase"]
[SourceDate "2017.08.23"]
[SourceVersion "1"]
[SourceVersionDate "2017.08.23"]
[SourceQuality "1"]

1. e4 c5 2. Nc3 Nc6 3. g3 g6 4. Bg2 Bg7 5. d3 e6 6. Be3 b6 7. Qd2 Nge7 8. Nge2 d5 9. exd5 exd5 10. Bh6 0-0 11. Bxg7 Kxg7 12. Nf4 d4 13. Ne4 Rb8 14. h4 Re8 15. 0-0 Bb7 16. Ng5 Qd6 17. Rfe1 Ne5 18. Ne4 Qc7 19. h5 Nf5 20. hxg6 hxg6 21. Nh3 Nd6 22. Qf4 Nxe4 23. Bxe4 Bxe4 24. Rxe4 f6 25. Rae1 Re7 26. Kg2 Qc6 27. f3 Rbe8 28. b3 Qd7 1/2-1/2

[Event "Oslo Sveins op 10th"]
[Site "Oslo"]
[Date "2017.06.23"]
[Round "1"]
[White "Notkevich, Benjamin Arvola"]
[Black "Omtvedt, Per"]
[Result "1-0"]
[WhiteElo "2435"]
[BlackElo "1934"]
[PlyCount "65"]
[EventDate "2017.06.23"]
[EventType "swiss"]
[EventRounds "9"]
[EventCountry "NOR"]
[SourceTitle "CBM 179 Extra"]
[Source "ChessBase"]
[SourceDate "2017.08.23"]
[SourceVersion "1"]
[SourceVersionDate "2017.08.23"]
[SourceQuality "1"]

1. e4 c5 2. Nf3 e6 3. d4 cxd4 4. Nxd4 Nc6 5. Nc3 Qc7 6. Nf3 a6 7. Bd3 Nf6 8. Qe2 d6 9. h4 Be7 10. h5 h6 11. Bd2 Bd7 12. 0-0-0 0-0-0 13. Kb1 Kb8 14. Bc1 Ng4 15. Ne1 Nge5 16. Be3 Rc8 17. f4 Nxd3 18. cxd3 b5 19. Nf3 Qb7 20. Rc1 Bd8 21. Qf2 Ne7 22. Ne2 d5 23. e5 Nf5 24. Rxc8+ Bxc8 25. Bc5 Bd7 26. Rc1 Ne7 27. Ned4 Nc8 28. Qd2 Bb6 29. Nb3 Na7 30. Qe3 Nc8 31. Bxb6 Nxb6 32. Nc5 Qa7 33. Nxd7+ 1-0

[Event "Oslo Nordstrand op"]
[Site "Oslo"]
[Date "2017.04.23"]
[Round "4"]
[White "Rukovci, Shemsi"]
[Black "Omtvedt, Per"]
[Result "0-1"]
[WhiteElo "2026"]
[BlackElo "1917"]
[PlyCount "106"]
[EventDate "2017.04.21"]
[EventType "swiss"]
[EventRounds "5"]
[EventCountry "NOR"]
[SourceTitle "CBM 178 Extra"]
[Source "ChessBase"]
[SourceDate "2017.06.22"]
[SourceVersion "1"]
[SourceVersionDate "2017.06.22"]
[SourceQuality "1"]

1. e4 Nf6 2. e5 Nd5 3. d4 d6 4. Nf3 dxe5 5. Nxe5 c6 6. Bd3 Nd7 7. Nf3 N7f6 8. h3 g6 9. Bd2 Bg7 10. c4 Nc7 11. Bc3 0-0 12. 0-0 Ne6 13. Re1 Qd6 14. Nbd2 Nf4 15. Bf1 Bf5 16. Qb3 Qc7 17. Bb4 Rfe8 18. Re3 h5 19. Qa3 Ne6 20. Rc1 a5 21. Bc3 Bh6 22. Re5 b6 23. d5 cxd5 24. cxd5 Nc5 25. Bd4 Nfe4 26. Nxe4 Bxc1 27. d6 Qc6 28. Nxc5 Qxd6 29. Nb3 Qxa3 30. bxa3 Bxa3 31. Bxb6 a4 32. Nbd4 Bd6 33. Ra5 Rxa5 34. Bxa5 Bb1 35. Bc4 Ra8 36. Be1 Rc8 37. Nd2 Bb4 38. N4f3 Bc2 39. Kf1 Bxd2 40. Nxd2 Rxc4 41. Nxc4 Bd3+ 42. Kg1 Bxc4 43. a3 Kg7 44. Bb4 e5 45. f3 Kf6 46. Kf2 Ke6 47. Ke3 f5 48. g3 h4 49. g4 Bf1 50. f4 fxg4 51. hxg4 h3 52. f5+ gxf5 53. gxf5+ Kxf5 0-1

[Event "Oslo Sveins op 9th"]
[Site "Oslo"]
[Date "2016.06.24"]
[Round "5"]
[White "Omtvedt, Per"]
[Black "Vestby Ellingsen, Mads"]
[Result "1/2-1/2"]
[WhiteElo "1978"]
[BlackElo "1926"]
[PlyCount "86"]
[EventDate "2016.06.24"]
[EventType "swiss"]
[EventRounds "9"]
[EventCountry "NOR"]
[SourceTitle "CBM 173 Extra"]
[Source "ChessBase"]
[SourceDate "2016.08.29"]
[SourceVersion "1"]
[SourceVersionDate "2016.08.29"]
[SourceQuality "1"]

1. e4 c5 2. Nc3 Nc6 3. g3 g6 4. Bg2 Bg7 5. d3 d6 6. Be3 e5 7. Qd2 Nge7 8. Nge2 0-0 9. 0-0 Nd4 10. Nd1 b6 11. c3 Ndc6 12. d4 cxd4 13. cxd4 Ba6 14. d5 Na5 15. b3 Qd7 16. Ndc3 Rac8 17. Rfc1 Rc7 18. Rc2 Rfc8 19. Rac1 Nb7 20. Na4 Nc5 21. Nxc5 bxc5 22. Nc3 Rb8 23. Nd1 Rcb7 24. Nb2 Rb4 25. Nd3 Bxd3 26. Qxd3 R4b7 27. Rc4 a5 28. Bd2 Ra7 29. Ra4 Rba8 30. Bf1 h5 31. h3 f5 32. f3 Kh7 33. Kg2 Bh6 34. Bxh6 Kxh6 35. Qd2+ Kg7 36. Bd3 fxe4 37. fxe4 Ng8 38. Rf1 Qe7 39. Bb5 Qc7 40. Qg5 Qe7 41. Qd2 Qc7 42. Qg5 Qe7 43. Qd2 Qc7 1/2-1/2

[Event "Nordstrand GP"]
[Site "Oslo"]
[Date "2016.04.16"]
[Round "5"]
[White "Omtvedt, Per"]
[Black "Ingebretsen, Jens E"]
[Result "1/2-1/2"]
[WhiteElo "1973"]
[BlackElo "1821"]
[PlyCount "62"]
[EventDate "2016.04.15"]
[EventType "swiss"]
[EventRounds "5"]
[EventCountry "NOR"]
[SourceTitle "EXT 2018"]
[Source "ChessBase"]
[SourceDate "2017.10.13"]
[SourceVersion "1"]
[SourceVersionDate "2017.10.13"]
[SourceQuality "1"]

1. e4 e6 2. d4 d5 3. Nd2 c5 4. exd5 Qxd5 5. Ngf3 cxd4 6. Bc4 Qd7 7. 0-0 Nf6 8. Nb3 Nc6 9. Nbxd4 Bc5 10. Bb5 0-0 11. c3 Qc7 12. Nxc6 bxc6 13. Bc4 Rd8 14. Qe2 a5 15. Bg5 Qb6 16. Rad1 Rxd1 17. Rxd1 Nd5 18. Nd4 Ba6 19. Bxa6 Rxa6 20. Nb3 Bf8 21. Bd8 Qa7 22. c4 Nf4 23. Qe3 Qxe3 24. fxe3 Ng6 25. Bxa5 Ne5 26. Rc1 f6 27. h3 Nd3 28. Rb1 Ne5 29. Rc1 Nd3 30. Rb1 Ne5 31. Rc1 Nd3 1/2-1/2

[Event "London Classic CSC op U2000 7th"]
[Site "London"]
[Date "2015.12.05"]
[Round "3"]
[White "Jennings, Richard"]
[Black "Omtvedt, Per"]
[Result "0-1"]
[WhiteElo "1844"]
[BlackElo "1932"]
[PlyCount "138"]
[EventDate "2015.12.04"]
[EventType "swiss"]
[EventRounds "5"]
[EventCountry "ENG"]
[SourceTitle "CBM 169 Extra"]
[Source "ChessBase"]
[SourceDate "2015.12.18"]
[SourceVersion "1"]
[SourceVersionDate "2015.12.18"]
[SourceQuality "1"]

1. c4 c6 2. g3 d5 3. Bg2 Nf6 4. Nf3 g6 5. 0-0 Bg7 6. d3 dxc4 7. dxc4 Qxd1 8. Rxd1 Be6 9. Nbd2 Na6 10. Nd4 Bd7 11. a3 Nc5 12. b3 Ne6 13. Nxe6 Bxe6 14. Bb2 Nh5 15. Ra2 Bxb2 16. Rxb2 0-0-0 17. Rc1 Nf6 18. h3 Rd7 19. Kf1 Rhd8 20. Ke1 h6 21. e3 Rc7 22. Nf3 c5 23. Ne5 Nd7 24. Nd3 Nf6 25. Nf4 Bd7 26. Nd5 Nxd5 27. cxd5 Kb8 28. b4 cxb4 29. Rxc7 Kxc7 30. Rxb4 b6 31. Kd2 Kd6 32. Rc4 Rc8 33. Kc3 Rc5 34. Kd4 Ra5 35. Rc3 Ra4+ 36. Kd3 Bb5+ 37. Kd2 Rc4 38. f4 Rxc3 39. Kxc3 Kc5 40. e4 Bc4 41. Bf3 b5 42. g4 a5 43. h4 b4+ 44. axb4+ axb4+ 45. Kb2 Kd4 46. g5 hxg5 47. fxg5 Bb5 48. h5 gxh5 49. Bxh5 Be8 50. Bf3 Ke3 51. Bh1 Kf4 52. Kb3 Kxg5 53. Kxb4 Kf4 54. Kc5 Ke5 55. Kb6 Kd6 56. Bf3 f6 57. Bg2 Bg6 58. Bh1 Ke5 59. Bf3 Bxe4 60. Bh5 Bxd5 61. Kc7 e6 62. Kd7 f5 63. Ke7 f4 64. Be2 f3 65. Bf1 Bb3 66. Kf7 Kf4 67. Kf6 e5 68. Kg6 e4 69. Kh5 Kg3 0-1

[Event "NOR-ch Seniors-A"]
[Site "Oslo"]
[Date "2015.07.07"]
[Round "5"]
[White "Sollid, Stein"]
[Black "Omtvedt, Per"]
[Result "1/2-1/2"]
[WhiteElo "2006"]
[BlackElo "1847"]
[PlyCount "39"]
[EventDate "2015.07.04"]
[EventType "swiss"]
[EventRounds "9"]
[EventCountry "NOR"]
[SourceTitle "EXT 2017"]
[Source "ChessBase"]
[SourceDate "2016.10.25"]
[SourceVersion "1"]
[SourceVersionDate "2016.10.25"]
[SourceQuality "1"]

1. e4 Nf6 2. Nc3 e5 3. Nf3 Nc6 4. Bb5 Bb4 5. 0-0 0-0 6. Bxc6 dxc6 7. Nxe5 Bxc3 8. dxc3 Qxd1 9. Rxd1 Nxe4 10. Bf4 g5 11. Be3 f6 12. Nd3 Bf5 13. c4 Nd6 14. b3 Rfe8 15. Re1 Kf7 16. f3 a6 17. a4 Rad8 18. Kf2 Bxd3 19. cxd3 Nf5 20. Rad1 1/2-1/2

[Event "NOR-ch Seniors-A"]
[Site "Oslo"]
[Date "2015.07.04"]
[Round "1"]
[White "Thorstensen, Roar"]
[Black "Omtvedt, Per"]
[Result "0-1"]
[WhiteElo "1451"]
[BlackElo "1847"]
[PlyCount "86"]
[EventDate "2015.07.04"]
[EventType "swiss"]
[EventRounds "9"]
[EventCountry "NOR"]
[SourceTitle "EXT 2017"]
[Source "ChessBase"]
[SourceDate "2016.10.25"]
[SourceVersion "1"]
[SourceVersionDate "2016.10.25"]
[SourceQuality "1"]

1. d4 Nf6 2. Nf3 e6 3. c4 b6 4. Nc3 Bb4 5. a3 Bxc3+ 6. bxc3 Bb7 7. e3 0-0 8. Be2 d6 9. 0-0 Qe7 10. h3 Nbd7 11. Qc2 e5 12. d5 Nc5 13. Ng5 h6 14. Nf3 Nfe4 15. Nd2 Nxd2 16. Bxd2 f5 17. f3 a5 18. a4 Ba6 19. Bc1 Qh4 20. f4 Rae8 21. Ba3 Ne4 22. fxe5 Rxe5 23. Rf4 Qg3 24. Rf3 Qg5 25. Bd3 Rfe8 26. Re1 Bc8 27. Bc1 Bd7 28. Ref1 g6 29. Bxe4 Rxe4 30. Rf4 Qe7 31. Qf2 Bxa4 32. g4 Bd7 33. gxf5 Bxf5 34. Qg3 Rxf4 35. Rxf4 Qg5 36. Kf2 Qxg3+ 37. Kxg3 Re4 38. h4 Rxf4 39. Kxf4 Bd3 40. c5 bxc5 41. e4 Bc4 42. Ba3 Kf7 43. e5 Bxd5 0-1